000 00676cam a2200241 4500500
005 20260405003541.0
041 _afre
042 _adc
100 1 0 _ade Oliveira, Victorine
_eauthor
245 0 0 _aLa recherche d’une vie simple
260 _c2022.
500 _a65
690 _aCicéron
690 _aÉpictète
690 _aGrèce Antique
690 _aMarc Aurèle
690 _aRome
690 _aSénèque
690 _aStoïcisme
690 _aZénon
786 0 _nPhilosophie magazine | 162 | 9 | 2022-09-01 | p. 42-42 | 1951-1787
856 4 1 _uhttps://shs.cairn.info/magazine-philosophie-magazine-2022-9-page-42?lang=fr&redirect-ssocas=7080
999 _c2068627
_d2068627